| 000 | 00893nam a22002537a 4500 | ||
|---|---|---|---|
| 008 | 130821s1941 cl gr eng | ||
| 040 |
_aCo-BoUCM _bspa |
||
| 041 | 0 | 0 | _aeng |
| 092 | _aFM 000559 | ||
| 100 |
_aCosta, Elias Dalla _9148496 |
||
| 245 | 0 | 0 |
_aVidete vocationem vestram _ba los alumnos de mis seminarios _cElias dalla Costa |
| 260 |
_aSantiago de Chile (Chile) _bSagrado Corazón _c1941 |
||
| 300 | _a199 páginas | ||
| 500 | _aIncluye índice. -- Este libro se encuentra en el depósito de la biblioteca | ||
| 650 | 0 | 4 |
_aSeminaristas _924177 |
| 650 | 0 | 4 |
_aSeminaristas _xVida espiritual _924177 |
| 650 | 0 | 4 |
_aSeminaristas _xVida religiosa _924177 |
| 650 | 0 | 4 |
_aVida espiritual _926229 |
| 650 | 0 | 4 |
_aVida religiosa _926235 |
| 650 | 0 | 4 |
_aVocación religiosa _926358 |
| 650 | 0 | 4 |
_aVocación sacerdotal _926359 |
| 700 |
_aCol, Luisa De. _eTra _9148497 |
||
| 942 |
_cLIBRO _a27 _e1 _n0 |
||
| 999 |
_c84448 _d84448 |
||